LEADER 01383nam a2200289 u 4500 001 000000020810 003 CaOOAMICUS 005 20090923124125.0 008 950324s1961 it u000 u ita u 035 $a10509622 040 $aPUL(R)$bita 100 1 $aPilati, Giovanni.$0(OLS)http://pul/name/15899 245 10$aChiesa e stato nei primi quindici secoli :$bprofilo dello sviluppo della teoria attraverso le fonti e la bibliografia. /$cGiovanni Pilati. 260 $aRoma :$bDesclée & C.,$c1961. 300 $a414 p. ;$c25 cm 500 $aComprende indici : pp. [399]-414. 504 $aBibliografia principale: p. 383-398. 650 4$aChiesa e stato$xStoria$ySec. I-XV.$0(OLS)http://pul/subject/13629 850 $aPUL 852 $aPUL$W1$xDP1 Fondo Maccarrone$y58$m1506 F 19$j29250$nBK-PRI$b $qFondi$B29250$CPULBib$Z2$F29250 $H $81 852 $aPUL$W1$xSL Diritto Canonico 1$y5$m149 E 50$j29251$nBK-PRI$b $qStampati$B29251$CPULBib$Z2$F29251 $H $81 941 1 $a8 941 1 $a1 961 $aINV: 01908 -- Fondo Mons. M. Maccarrone 961 $aINV: 20954 996 $6245$aChiesa e stato nei primi quindici secoli :$bprofilo dello sviluppo della teoria attraverso le fonti e la bibliografia.$9(OLS)http://pul/title/29249 996 $6260$aRoma :$bDesclée & C.$9(OLS)http://pul/publisher/48329 LEADER 01440nam a2200289 u 4500 001 000000055579 003 CaOOAMICUS 005 20070226115811.0 008 010209s1980 it u000 u ita u 035 $a10867410 040 $aPUL(R)$bita 100 1 $aMolinari, Francesco,$d1841-1908.$0(OLS)http://pul/name/39057 245 10$aChiesa, Azione Cattolica e fascismo nell'Italia settentrionale durante il pontificato di Pio XI /$cFrancesco Molinari. 260 $aMilano :$b[s.n.],$c1980. 300 $aP. 1-21 ;$c24 cm 500 $a"Estratto da: 'La Scuola Cattolica' maggio-giugno 1980. Dagli 'Atti del Convegno di Torreglia' - marzo 1977". 504 $aBibliografia in nota. 610 24$aAzione cattolica italiana.$0(OLS)http://pul/subject/1704 650 4$aFascismo e Chiesa cattolica.$0(OLS)http://pul/subject/5350 850 $aPUL 852 $aPUL$W1$xDP1 Fondo Maccarrone$y58$m1524 D 42$j73043$nBK-PRI$b $qFondi$B73043$CPULBib$Z2$F73043 $H $81 852 $aPUL$W1$xDP1 Fondo Maccarrone$y58$m1524 D 43$j73044$nBK-PRI$b $qFondi$B73044$CPULBib$Z2$F73044 $H $81 941 1 $a1 961 $aINV: F. Maccarrone 961 $aINV: F. Maccarrone 996 $6245$aChiesa, Azione Cattolica e fascismo nell'Italia settentrionale durante il pontificato di Pio XI$9(OLS)http://pul/title/74385 996 $6260$aMilano :$b[s.n.]$9(OLS)http://pul/publisher/48974